00674nam a2200241 a 4500001001300000003000900013005001700022008004100039020000900080082001700089100002500106245002900131260003000160300000800190500003500198505001600233650001500249700002500264902000800289942000700297952011500304999001300419nice12345678IN_TiNIC20260116011327.0050524s1965 leia grp 000 0 eng  ac3500a780.956bFAR aFarmer, Henry George aSources of Arabian Music aLeidenbE. J. Brillc1965 a68p aincludes index and biblioraphy2 aIndex, Ill. aMusic-Arab1 aFarmer, Henry George bSRS cBK 001040708StackRoom-aHMIbHMId2005-05-24g35.00l0o780.956 FARp03596r2005-05-24v35.00w2005-05-24yBK c547d547